A Passage to India /

Đã lưu trong:
Chi tiết về thư mục
Tác giả chính: Forster, E. M.
Định dạng: Sách
Ngôn ngữ:English
Được phát hành: London : David Campbell, 1991.
Những chủ đề:
Các nhãn: Thêm thẻ
Không có thẻ, Là người đầu tiên thẻ bản ghi này!
Thư viện lưu trữ: Mạng thư viện Đại học Đà Nẵng
LEADER 00901cam a2200361 i 4500
001 000047202
003 6783
005 20030225101510.0
008 010310|1991 vm 000 eng
020 |a 1857150295 
022 |a T 
040 |a IRC  |c IRC  |d IRC 
041 0 |a eng 
082 1 4 |a 823.912  |b FO-E 
100 1 |a Forster, E. M. 
245 0 2 |a A Passage to India /  |c E. M. Forster ; Introduced by P. N. Furbank. 
260 |a London :  |b David Campbell,  |c 1991. 
300 |a 293p. ;  |c 20.5cm. 
630 0 4 |a British literature. 
630 0 4 |a British stories. 
630 0 4 |a E. M. Forster. 
630 0 4 |a A Passage to India. 
650 0 4 |a Roman Empire. 
OWN |a DUT 
999 |a From the UDN01 
TYP |a Monograph 
TYP |a Printed language 
980 |a Mạng thư viện Đại học Đà Nẵng